Detroit Pistons leading scorer each game (2024-2025 season) - Statistics

General Stats
  • This quiz has been taken 17 times
  • The average score is 5 of 8
Answer Stats
# of games Player % Correct
47 Cade Cunningham
100%
9 Jaden Ivey
79%
1 Jalen Duren
71%
4 Tobias Harris
64%
12 Malik Beasley
43%
5 Tim Hardaway Jr.
43%
2 Ron Holland
36%
2 Marcus Sasser
21%
No matching quizzes found
Score Distribution
Percent of People with Each Score
Percentile by Number Answered
Your Score History
You have not taken this quiz